|
|
|
|
| LEADER |
02201Cmm#a2200529#a#4500 |
| 001 |
019625 |
| 003 |
AR-BeUNQ |
| 005 |
20170315082712.0 |
| 008 |
041025s2003####ag ########e########spa#d |
| 020 |
|
|
|a 8479039027
|
| 040 |
|
|
|a AR-beUNQ
|
| 082 |
0 |
4 |
|a 612
|2 21
|
| 099 |
|
|
|a 25-B39 [Solicitar CD-ROM y lámina en mostrador]
|
| 100 |
1 |
|
|a Dvorkin, Mario
|e dir
|4 drt
|
| 245 |
0 |
2 |
|a Best and Taylor Bases fisiológicas de la práctica médica /
|c dirigido por Mario A. Dvorkin, Daniel P. Cardinali.
|h [recurso electrónico].
|
| 246 |
3 |
0 |
|a Best y Taylor Bases fisiológicas de la práctica médica
|
| 250 |
|
|
|a 13a. ed. en español.
|
| 256 |
|
|
|a Datos electrónicos.
|
| 260 |
|
|
|a Buenos Aires :
|b Médica Panamericana,
|c 2003.
|
| 300 |
|
|
|a 1 CD-ROM ;
|c 4 3/4 plg.
|
| 500 |
|
|
|a Título tomado del marbete del disco.
|
| 500 |
|
|
|a Material complementario de: Bases fisiológicas de la práctica médica / Dvorkin, Cardinali. - 13a. ed.
|
| 538 |
|
|
|a Requisitos del sistema: Windows 95, 98 o NT; Internet explorer.
|
| 594 |
|
|
|a LICENCIATURA EN ENFERMERIA
|
| 595 |
|
|
|a CIENCIAS BIOLOGICAS II
|d 2016
|
| 650 |
|
7 |
|a Fisiología
|2 Spines
|
| 650 |
|
7 |
|a Medicina
|2 Spines
|
| 650 |
|
7 |
|a Efectos fisiológicos
|2 Spines
|
| 650 |
|
7 |
|a Neurofisiología
|2 Spines
|
| 650 |
|
7 |
|a Sistema endocrino
|2 Spines
|
| 650 |
|
7 |
|a Sistema cardiovascular
|2 Spines
|
| 650 |
|
7 |
|a Digestión
|2 Spines
|
| 650 |
|
7 |
|a Aparato urinario
|2 Spines
|
| 650 |
|
7 |
|a Metabolismo
|2 Spines
|
| 650 |
|
7 |
|a Fisiología sanguínea
|2 Spines
|
| 650 |
|
7 |
|a Fisiología celular
|2 Spines
|
| 653 |
|
|
|a CD-DATA
|
| 700 |
1 |
|
|a Cardinali, Daniel P
|e dir
|4 drt
|
| 929 |
|
|
|a COMPRA
|b Alfagrama
|c Exp. 827-0128/04
|d 15,00
|e 20041005
|j 36196
|
| 929 |
|
|
|a COMPRA
|b Alfagrama
|c Exp. 827-0128/04
|d 15,00
|e 20041005
|j 36197
|
| 929 |
|
|
|a COMPRA
|b Alfagrama
|c Exp. 827-0128/04
|d 15,00
|e 20041005
|j 36198
|
| 929 |
|
|
|a COMPRA
|b Alfagrama
|c Exp. 827-0128/04
|d 15,00
|e 20041005
|j 36199
|
| 929 |
|
|
|a COMPRA
|b Alfagrama
|c Exp. 827-0128/04
|d 15,00
|e 20041005
|j 36200
|
| 929 |
|
|
|a COMPRA
|b Alfagrama
|c Exp. 827-0473/05 1a. compra
|d 10,00
|e 20051020
|j 37639
|
| 929 |
|
|
|a COMPRA
|b Alfagrama
|c Exp. 827-0473/05 1a. compra
|d 10,00
|e 20051020
|j 37640
|
| 942 |
|
|
|c CD
|n 0
|
| 999 |
|
|
|c 2996
|d 78383
|